Vista normal Vista MARC

Entrada Materia (tema)

Número de registros utilizados en: 2

001 - CONTROL NUMBER

  • control field: 82772

003 - CONTROL NUMBER IDENTIFIER

  • control field: Co-BoUCM

005 - DATE AND TIME OF LATEST TRANSACTION

  • control field: 20161207112226.0

008 - FIXED-LENGTH DATA ELEMENTS

  • fixed length control field: 161207|| aca||aabn | a|a d

040 ## - CATALOGING SOURCE

  • Original cataloging agency: Co-BoUCM
  • Transcribing agency: Co-BoUCM

150 ## - HEADING--TOPICAL TERM

  • Topical term or geographic name as entry element: Ordenes religiosas (Derecho canónico)
  • General subdivision: Obras anteriores a 1800

670 ## - SOURCE DATA FOUND

  • Source citation: Work cat.: (Co-BoUCM)69812: Rodrigues, Manuel 1545-1619 38270, Quaestiones regulares, et canonicae, in quibus utriusque iuris, et privilegiorum regularium & Apostolicarum constitutionum novae, & veteres difficultates dispersae, & confusae ... elucidantur ..., 1600-1602